| 000 | 00467cam a22001694 4500 | ||
|---|---|---|---|
| 082 |
_a628.1 _bVEA _cL-23, p-12. |
||
| 100 | 1 |
_aVeal, T. H. P. _944144 |
|
| 245 | 1 | 4 |
_aThe supply of water / _cby T.H.P. Veal. |
| 250 | _a2d ed. | ||
| 260 |
_aLondon : _bChapman & Hall, _c1950. |
||
| 300 |
_axi, 276 p. : _bill. ; _c23 cm. |
||
| 500 | _aIncludes index. | ||
| 526 |
_a0 _b0 _c0 _d628_100000000000000_VEA |
||
| 650 | 0 |
_aMCE _9379 |
|
| 650 | 0 | _aWater supply. | |
| 942 |
_2ddc _cBK |
||
| 999 |
_c547967 _d547967 |
||